The Business of Shipping / (Record no. 353)

000 -LEADER
fixed length control field 00522nam a2200181Ia 4500
008 - FIXED-LENGTH DATA ELEMENTS--GENERAL INFORMATION
fixed length control field 190805s9999||||xx |||||||||||||| ||und||
020 ## - INTERNATIONAL STANDARD BOOK NUMBER
International Standard Book Number 9780870335808
Terms of availability
-- 0.00
082 04 - DEWEY DECIMAL CLASSIFICATION NUMBER
Classification number 387.5068
Item number B8565
100 1# - MAIN ENTRY--PERSONAL NAME
Personal name Buckley, James J.
245 14 - TITLE STATEMENT
Title The Business of Shipping /
250 ## - EDITION STATEMENT
Edition statement 8th ed.
260 ## - PUBLICATION, DISTRIBUTION, ETC. (IMPRINT)
Place of publication, distribution, etc Atglen :
Name of publisher, distributor, etc Schiffer Publishing,
Date of publication, distribution, etc 2008
300 ## - PHYSICAL DESCRIPTION
Extent xiv, 433 p.
Other physical details :
Dimensions ; 24 cm.
650 #0 - SUBJECT ADDED ENTRY--TOPICAL TERM
Topical term or geographic name as entry element Shipping
700 1# - ADDED ENTRY--PERSONAL NAME
Personal name Kendall, Lane C
852 ## - LOCATION/CALL NUMBER
Location
942 ## - ADDED ENTRY ELEMENTS (KOHA)
Item type Books
Holdings
Withdrawn status Lost status Damaged status Not for loan Collection code Permanent location Current location Shelving location Date acquired Source of acquisition Cost, normal purchase price Total Checkouts Total Renewals Full call number Barcode Date last seen Date last borrowed Koha item type Public note Checked out
        Management Studies IMU Kochi Library IMU Kochi Library Reference 2018-07-25 Sterling Book House 3428.77 19 1 387.5068 B8565 BK005279 2026-04-01 2026-02-25 Books Shelf-2, Row-1  
        Management Studies IMU Kochi Library IMU Kochi Library Reference 2018-07-25 Sterling Book House 3428.77 2   387.5068 B8565 BK005280 2023-10-13 2023-10-13 Books Shelf-2, Row-1  
        Management Studies IMU Kochi Library IMU Kochi Library Reference 2018-07-25 Sterling Book House 3428.77 12   387.5068 B8565 BK005278 2026-04-06 2026-04-06 Books Shelf-2, Row-1 2026-04-21


Copyright © All Rights Reserved by Indian Maritime University, Kochi Campus.
For any Suggestions/Query Contact to library or Email: library.kochi@imu.ac.in Ph:(0484)-2989402
(Web OPAC Designed by Rudra Ranjan. Maintained by IMU Kochi Library)

Powered by Koha